Fotografías/ La televisión y yo
Guardado en:
| Autor Principal: | |
|---|---|
| Autor Corporativo: | |
| Otros Autores: | , |
| Formato: | |
| Idioma: | Undetermined |
| Publicado: |
Argentina :
Cine ojo,
2007.
|
| Materias: | |
| Etiquetas: |
Agregar Etiqueta
Sin Etiquetas, Sea el primero en etiquetar este registro!
|
| LEADER | 01728ngm a22002175a 4500 | ||
|---|---|---|---|
| 001 | CEM.cems021128 | ||
| 008 | 240430s2007####xx#---############vlund#d | ||
| 005 | 20240430145936.0 | ||
| 245 | 1 | 0 | |a Fotografías/ La televisión y yo |h [videograbación] / |c Andrés Di Tella. |
| 260 | |a Argentina : |b Cine ojo, |c 2007. | ||
| 300 | |a 185'. | ||
| 538 | |a Soporte: DVD - Formato: DVD - Peso: 7.34gb - Resolución: 720 x 480 - 29.97fps | ||
| 500 | |a Fotografías es un ensayo personal sobre mi madre, basado en una caja de fotografías que me pasó mi padre. Una investigación documental, un viaje al pasado y también un viaje real desde la Argentina, donde vivo, hacia el sitio donde ella nació y que siempre quiso olvidar: la India. A medida que intento desvelar los misterios del destino de mi madre, en una serie de encuentros con personajes sorprendentes, las vueltas inesperadas del camino revelan algo más: el descubrimiento de mi propia identidad oculta. (2007, Duración: 110') -- La televisión y yo es un proyecto de film futuro, una investigación personal, un ensayo de forma libre sobre la televisión y la memoria. Un ida y vuelta entre la historia y la autobiografía: desde un primer recuerdo personal de la TV hasta los primeros recuerdos de la televisión en Argentina. (2003, Duración: 75'). | ||
| 505 | 0 | |a 1.Fotografías - 2. La televisión y yo - EXTRAS: Trailers, Sinopsis, Fotos backstage, Corto "reconstruyen crimen de la modelo" | |
| 100 | 1 | |a Di Tella, Andrés. | |
| 700 | 1 | |a Céspedes, Marcelo; Producción. | |
| 700 | 1 | |a Almirón, Alejandra; Montaje. | |
| 710 | 2 | |a Hubert Bals Fund. | |
| 653 | |a LARGOMETRAJE | ||
| 653 | |a DOCUMENTAL | ||
| 859 | |a CEMS |b BIB. CEMS - Depto. Recursos Didacticos |h 778.5 |i DIT |k DRD |p 3384.24 |t Ej.1 | ||
